| 000 | 01007nam a2200313 i 4500 | ||
|---|---|---|---|
| 003 | EG-GICUC | ||
| 005 | 20260413204019.0 | ||
| 008 | 260413s1934 Us |||fr|||| 00| 0 eng d | ||
| 040 |
_aEG-GiCUC _beng _cEG-GiCUC _dEG-GiCUC _erda |
||
| 082 | 0 | 4 |
_221 _a343.81 _bMO . P |
| 092 | 0 | 4 | _221 |
| 099 | _aLaw1 10 343.81 MO . P 1934 | ||
| 100 | 1 |
_aMoriarty, Cecil C. H _eAuthor. |
|
| 245 |
_aPolice Law : _bAn Arrangement of Law and Regulations for the Use of Police Officers / _cCecil C. H Moriarty. |
||
| 250 | _aThird Edition | ||
| 264 | 1 |
_aLondon : _bButterworth & Co, _c1934. |
|
| 300 |
_a480 pages : _billustrations, _c24 cm |
||
| 336 |
_2rda content _atext |
||
| 337 |
_2rda media _aComputer |
||
| 338 |
_2rda carrier _aOnline Resource |
||
| 500 | _aIndex | ||
| 546 | _aText in English | ||
| 650 | 1 |
_aPolice Technical Science _2qrmak |
|
| 650 | 1 |
_aCriminal Law _2qrmak |
|
| 651 | 1 | _2qrmak | |
| 856 | 4 | 0 | _uhttps://fll.law.cu.edu.eg/fulltext/bks/B10-08622.pdf |
| 905 | _a54 | ||
| 942 |
_2ddc _cBK _e21 _n0 |
||
| 999 |
_c70698 _d70698 |
||